Lectures ou Cours de versions en prose et en vers ... / (Record no. 159208)

MARC details
000 -LEADER
campo de control de longitud fija 00537nam a22001695i 4500
001 - NÚMERO DE CONTROL
campo de control 159208
003 - IDENTIFICADOR DE NÚMERO DE CONTROL
campo de control ES-MaACL
005 - FECHA Y HORA DE LA ÚLTIMA TRANSACCIÓN
campo de control 20230906211504.0
008 - DATOS DE LONGITUD FIJA--INFORMACIÓN GENERAL
campo de control de longitud fija 040908s1873 gw |||| | fre d
040 ## - FUENTE DE CATALOGACIÓN
Centro catalogador/agencia de origen CAM
Lengua de catalogación spa
Centro/agencia transcriptor CAM
100 1# - ENTRADA PRINCIPAL--NOMBRE DE PERSONA
Nombre de persona Mauron, A.
9 (RLIN) 129747
245 10 - MENCIÓN DEL TÍTULO
Título Lectures ou Cours de versions en prose et en vers ... /
Mención de responsabilidad, etc. par A. Mauron.
260 ## - PUBLICACIÓN, DISTRIBUCIÓN, ETC.
Lugar de publicación, distribución, etc. Heidelberg [etc.] :
Nombre del editor, distribuidor, etc. Jules Gross [etc.],
Fecha de publicación, distribución, etc. 1873.
300 ## - DESCRIPCIÓN FÍSICA
Extensión XI, 346 p. ;
Dimensiones 20 cm.
650 04 - PUNTO DE ACCESO ADICIONAL DE MATERIA--TÉRMINO DE MATERIA
Término de materia o nombre geográfico como elemento de entrada Lengua inglesa-
Subdivisión de forma Lecturas.
9 (RLIN) 14279
852 ## - LOCALIZACIÓN
Ubicación ES-MaACL
Número de control de estantería D-2498
Nota libre -- Enc. hol.
Holdings
Estatus retirado Estado de pérdida Estado de daño No para préstamo Colección Biblioteca de origen Biblioteca actual Ubicación en estantería Fecha de adquisición Fuente de adquisición Total de préstamos Signatura topográfica completa Código de barras Visto por última vez Precio de reemplazo Tipo de ítem Koha
        Libros del s. XIX Biblioteca del Ateneo de Madrid Biblioteca del Ateneo de Madrid Sala Valle Inclán 17/01/2008     D-2498 901166666 23/02/2023 23/02/2023 Libro impreso antiguo